Ambientes virtuais de aprendizagem / (Record no. 1192)

MARC details
000 -LÍDER
Campo Fixo de Controle 00870nam a2200277 a 4500
001 - NÚMERO DE CONTROLE
Campo de Controle 1192
003 - IDENTIFICAÇÃO DO NÚMERO DE CONTROLE
Campo de Controle BR-CuiBMT
005 - DATA E HORA DA ÚLTIMA ATUALIZAÇÃO
Campo de Controle 20231216005938.0
008 - DADOS FIXOS
Dados Fixos 231130s2013 mtba 000 0 por d
020 ## - INTERNATIONAL STANDARD BOOK NUMBER
Nº do ISBN 9788532704917
040 ## - AGÊNCIA CATALOGADORA
Código da Agência Catalogadora BR-CuiBMT
Agência que transcreveu o registro BR-CuiBMT
080 ## - Nº DA CLASSIFICAÇÃO DECIMAL UNIVERSAL
Nº Class. CDU 37.018.43
Nº edição CDU 2007
090 ## - NÚMERO DE CHAMADA
Nº classificação 37.018.43
Cutter A492
245 00 - TÍTULO PRINCIPAL
Título principal Ambientes virtuais de aprendizagem /
Indicação de responsabilidade Cristiano Maciel (organizador).
260 ## - PUBLICAÇÃO, DISTRIBUIÇÃO, ETC.
Local de publicação Cuiabá :
Editora EdUFMT,
Data 2013.
300 ## - DESCRIÇÃO FÍSICA
N. páginas ou volumes 259 p. :
Ilustrações il. ;
Dimensões 21 cm
490 1# - INDICAÇÃO DE SÉRIE
Título da série Coleção educação à distância ;
Volume/designação sequencial da série 10
504 ## - NOTA DE BIBLIOGRAFIA, ETC.
Nota de bibliografia Inclui bibliografia.
650 ## - ASSUNTO TÓPICO
Cabeçalho tópico ou nome geográfico Ensino à distância
Subdivisão geral Ensino auxiliado por computador
650 ## - ASSUNTO TÓPICO
Cabeçalho tópico ou nome geográfico Tecnologia educacional
650 ## - ASSUNTO TÓPICO
Cabeçalho tópico ou nome geográfico Ensino via Web
650 ## - ASSUNTO TÓPICO
Cabeçalho tópico ou nome geográfico Prática de ensino
700 ## - ENTRADA SECUNDÁRIA -- NOME PESSOAL
Nome pessoal Maciel, Cristiano,
Datas associadas ao nome 1972-
Cód. do termo explicativo Org.
830 #0 - ENTRADA SECUNDÁRIA DE SÉRIE -- TÍTULO UNIFORME
Título uniforme Educação a distância (EdUFMT) ;
Nº do volume/designação sequencial da série 10
942 ## - ELEMENTOS DE ENTRADA ADICIONAIS (KOHA)
Fonte de classificação ou esquema de arquivamento Classificação Decimal Universal
Tipo de item do Koha Livros
Holdings
Estado: removido Estado: perdido Fonte de classificação ou esquema de arquivamento Estado: danificado Indisponível para empréstimo Localização permanente Localização atual Data de aquisição Total Checkouts Número de Chamada completo Código de barras Date last seen Número do exemplar Preço efetivo a partir de Tipo de item (Koha)
    Classificação Decimal Universal     Biblioteca da Escola Superior de Contas do TCE/MT Biblioteca da Escola Superior de Contas do TCE/MT 30/11/2023   37.018.43 A492 BIBTCEMT23111415 30/11/2023 Ex. 1 30/11/2023 Livros
    Classificação Decimal Universal     Biblioteca da Escola Superior de Contas do TCE/MT Biblioteca da Escola Superior de Contas do TCE/MT 15/12/2023   37.018.43 A492 BIBTCEMT23120666 16/12/2023 Ex. 2 16/12/2023 Livros
    Classificação Decimal Universal     Biblioteca da Escola Superior de Contas do TCE/MT Biblioteca da Escola Superior de Contas do TCE/MT 15/12/2023   37.018.43 A492 BIBTCEMT23120667 16/12/2023 Ex. 3 16/12/2023 Livros
    Classificação Decimal Universal     Biblioteca da Escola Superior de Contas do TCE/MT Biblioteca da Escola Superior de Contas do TCE/MT 15/12/2023   37.018.43 A492 BIBTCEMT23120668 16/12/2023 Ex. 4 16/12/2023 Livros
    Classificação Decimal Universal     Biblioteca da Escola Superior de Contas do TCE/MT Biblioteca da Escola Superior de Contas do TCE/MT 15/12/2023   37.018.43 A492 BIBTCEMT23120669 16/12/2023 Ex. 5 16/12/2023 Livros

Powered by Koha